La rivoluzione francese /

Guardat en:
Dades bibliogràfiques
Autor principal: Soboul, Albert (Autor)
Format: Llibre
Idioma:italià
Publicat: Roma : Grandi tascabili economici Newton, 1991
Edició:2. ed
Col·lecció:Grandi tascabili economici ; 19
Matèries:
Etiquetes: Afegir etiqueta
Sense etiquetes, Sigues el primer a etiquetar aquest registre!

MARC

LEADER 00000nam a22000007i 4500
001 IT\ICCU\LO1\0436719
003 ItRI
005 20250725101429.0
008 970818s1991 it |||||| ||||| |||||c
040 |b ita  |c ct 
041 7 |a ita  |2 ISO-639-2 
100 1 |a Soboul, Albert  |0 IT\ICCU\CFIV\072277  |4 aut 
245 1 3 |a La rivoluzione francese /  |c Albert Soboul. 
250 |a 2. ed 
260 |a Roma :  |b Grandi tascabili economici Newton,  |c 1991 
300 |a 494 p. ;  |c 22 cm. 
650 7 |a Rivoluzione francese 
830 0 |a Grandi tascabili economici ;  |v 19  |0 IT\ICCU\CFI\0133173 
942 |2 ddc  |c BK 
952 |0 0  |1 0  |2 ddc  |4 0  |6 B_SST03SOBALRIV11  |7 0  |9 9159  |a MI  |b MI  |d 2012-06-08  |i 6346  |l 0  |o B-SST03-SOBAL-RIV11  |p CDOM6346  |r 2025-07-17 21:50:46  |w 2025-07-17  |x DONO  |y BK 
981 1 |6 z01  |a i   |b xxxe  
982 1 |6 z01  |a n 
999 |c 7632  |d 7632